000 01153njm a22002897a 4500
005 20100922114049.0
006 a|||||r|||||00| 0
007 sd ammalaaahaa
008 100922t xxu||||| |||| 00| 0 pun d
028 _aGE,26519
_bColumbia
035 _aGR-00804
040 _aSED
_cSED
100 _aਹਜਾਰਾ ਸਿਂਘ ਰਮਤਾ
_921104
245 _aਰਮਤੇ ਦੀ ਟਬਰਦਾਰੀ.. /
_cਹਜਾਰਾ ਸਿਂਘ ਰਮਤਾ, ਸ਼ਬਦਕਾਰ-ਗਿਯਾਨ ਚੰਦ ਦਵਨ
_hMedium [Sound recording]
246 _aRamte di tabardari (Hajara singh ramata)
260 _aDum Dum, India
_bColumbia
_cn.d.
300 _a1 Sound disc [Gramophon Recording]
_banalog,33 1/3 rpm
_c9.5 in. (MP)
_fGramophon Record
500 _aBrief record
500 _aRecord labels : Columbia, Blue
505 _aSide-2 ਰਮਤੇ ਦੀ ਟਬਰਦਾਰੀ (Ramte di tabardari)(Hajara singh ramta)
600 _921105
650 _aPunjabi Song
_xExcerpts
_zIndia
_921106
700 _921550
700 _921821
942 _2ddc
_cGR
999 _c47805
_d47805